000 00304nam a22001337a 4500
008 180115b xxu||||| |||| 00| 0 eng d
020 _a9780470251386
041 _aeng
080 _25th
_a612.39
100 _a10
101 _aNUT
245 _aFood beverage cost control
_cDopson,L.R
942 _2udc
_cBK
999 _c40314
_d40314